Normal view
MARC view
- Reed, Isaac Ariail
Entry Nombre Personal
001 - NUMERO DE CONTROL
- campo de control: 46897
003 - IDENTIFICADOR DE NUMERO DE CONTROL
- campo de control: UPN
005 - FECHA Y HORA DE LA ÜLTIMA TRANSACCIÓN
- campo de control: 20220929140046.0
008 - DATOS DE LONGITUD FIJA
- campo de control de longitud fija: 220929|||az|nnaaan a aba d
040 ## - FUENTE DE CATALOGACIÓN
- Agencia original de catalogación: MX-MxUPN
100 1# - ENCABEZAMIENTO - NOMBRE PERSONAL
- Nombre personal: Reed, Isaac Ariail
670 ## - FUENTE EN LA QUE SE LOCALIZARON DATOS
- Cita de la fuente: La teoría social ahora, 2019:
- Información localizada: portada (Isaac Ariail Reed)
902 ## - CATALOGADOR
- Catalogador: VAGG/290922
